000 00378nam a2200157Ia 4500
008 210716s1984 xx 000 0 und d
020 _a082171466X
041 _aeng
082 _a808.83 SOMS
100 _aSommerfield, Sylvie F.
245 _aBetray not my passion.
250 _a1
260 _aNew York
_bKensington Publishing
_c1984
300 _a493
650 _aNovels
999 _c199876
_d199876